Boletín de la Sociedad Astronómica de Barcelona
Descripción Física:
Il. ; 25 cm
Otros Autores:
Sociedad Astronómica de Barcelona
MARC
| LEADER | 00000nam a2200000Ia 4500 | ||
|---|---|---|---|
| 001 | |||
| 008 | 160829s9999 xx 000 0 cat d | ||
| 080 | |a 2372, exp. 9 | ||
| 245 | |a Boletín de la Sociedad Astronómica de Barcelona | ||
| 260 | |a Barcelona : |b la Sociedad, [1910] - [19 - -] | ||
| 300 | |a Il. ; |c 25 cm | ||
| 590 | |a Mensual. | ||
| 590 | |a Descripció basada en: Año 1, no. 2 (agosto/sept. 1910). | ||
| 650 | |a Astronomia |x Revistes |9 48207 | ||
| 650 | |a Sociedad Astronómica de Barcelona |x Revistes |9 48208 | ||
| 700 | |a Sociedad Astronómica de Barcelona |9 46948 | ||
| 866 | |a Any 1, 1910 (2) | ||
| 901 | |a Arxiu | ||
| 942 | |n 1 | ||
| 952 | |0 0 |1 0 |4 0 |6 2372_EXP_9 |7 1 |9 54395 |a Arxiu |b Arxiu |d 2016-12-01 |l 0 |o 2372, exp. 9 |r 2016-12-01 00:00:00 |w 2016-12-01 |y ARXIU | ||
| 999 | |c 58264 |d 58264 | ||